000 00477nam a2200169Ia 4500
005 20250923144431.0
008 008 250917s9999 xx 000 0 eng d
037 _aTextual
040 _aDSWL
_beng
_cDSWL
041 _aeng
_2eng
084 _aV251C:26:N4, J1
_qDSWL
245 0 _aDelhi Municipal administration scince independance
_c Ed. by K.K Seth
260 _c1951
300 _a32 p.
942 _cTEXL
_hV251C:26:N4, J1
999 _c1438836
_d1438836